000 00876nam a2200289 i 4500
999 _c8240
_d8240
001 8240
003 BD-JhCC
005 20181120100252.0
008 760410s1975 pk af b 001 0 eng
020 _cTk40.00
035 _a(BD-JhCC)
040 _aDLC
_cDLC
_dDLC
041 _aeng
050 0 0 _aPK1718.H845
_bZ575 1975
082 0 0 _a891.44
_bAWW 1975
100 1 _aAwwal, Mohammad Abdul,
_d1932-
245 1 4 _aThe prose works of Mīr Maśārraf Hosen, 1869-1899 /
_cMohammad Abdul Awwal.
250 _a1st ed.
260 _a[Chittagong] :
_bUniversity of Chittagong,
_c1975.
300 _a329p. :
_bill. ;
_c22 cm.
500 _aOriginally presented as the author's thesis, University of London, 1967.
500 _aIncludes index.
504 _aBibliography: p. 303-323.
600 1 0 _aHusain, Mir Musharraf,
_d1848-1911
_xProse.
942 _2ddc
_cBK